000 00599nam a2200241Ia 4500
003 OSt
005 20220924141224.0
006 a|||||r|||| 00| 0
007 ta
008 220923b |||||||| |||| 00| 0 ben d
024 _a297588
037 _cTextual
040 _aARTS
_cARTS
_bben
041 _2ben
_aben
082 _aO57,3N211x, L3
100 _aMukhopadhyay Ashutosh
245 0 _aPick point
260 _c1973
300 _a163p.
_ccm.
650 _aBENGALI LITERATURE
942 _hO57,3N211x, L3
_cTEXL
_2CC
999 _c446629
_d446629